| 000 | 00530nam a2200205 a 4500 | ||
|---|---|---|---|
| 001 | BRCA_6257 | ||
| 005 | 20190320205403.0 | ||
| 008 | 220711s1929----nyu#######---#000-0#eng-# | ||
| 041 | _aeng | ||
| 044 | _anyu | ||
| 050 | 4 |
_aPZ3 _b.W343Tw 1929 |
|
| 100 | 1 |
_aWallace, Edgar _d1875-1932 _915710 |
|
| 245 | 1 | 0 |
_aThe Twister _cEdgar Wallace. |
| 260 |
_aGarden City, Nueva York _bDoubleday, Doran & Co. _c1929 |
||
| 300 |
_a277 p. _c19 cm. |
||
| 500 | _aK120 | ||
| 650 | 1 | 4 |
_aNovelas policĂacas _9877 |
| 902 | _aGFM | ||
| 942 |
_2lcc _cB |
||
| 999 |
_c5944 _d5944 |
||